A Next Level cég online marketingjének elemzése és bemutatása

Bibliographic Details
Main Author: Tóth Dóra Csenge
Other Authors: Kopcsay Dr. László
Format: Project work
Kulcsszavak:nextlevel
Online
Elemzés
Online Access:http://dolgozattar.uni-bge.hu/16950

MARC

LEADER 00000nnm a2200000 i 4500
001 dolg16950
005 20180925105901.0
008 180518suuuu hu o 000 hun d
040 |a BGE Dolgozattár Repozitórium  |b hun 
041 |a hu 
100 1 |a Tóth Dóra Csenge 
245 1 2 |a A Next Level cég online marketingjének elemzése és bemutatása  |c Tóth Dóra Csenge  |h [elektronikus dokumentum] 
516 |a Project_work 
695 |a nextlevel 
695 |a Online  
695 |a Elemzés 
700 1 |a Kopcsay Dr. László  |e ths 
856 4 0 |u http://dolgozattar.uni-bge.hu/16950/1/projektmunka-toth%20csenge.pdf  |z Dokumentum-elérés